Faculty of Law Library — Cairo University

Official Online Catalog

Traité théorique et pratique du droit pénal français. (Record no. 71414)

MARC details
000 -LEADER
fixed length control field 01287nam a22003257a 4500
003 - CONTROL NUMBER IDENTIFIER
control field EG-GICUC
005 - DATE AND TIME OF LATEST TRANSACTION
control field 20260416124106.0
008 - FIXED-LENGTH DATA ELEMENTS--GENERAL INFORMATION
fixed length control field 260416b1916 fr ||||fr|||| 000 0 fre d
040 ## - CATALOGING SOURCE
Original cataloging agency EG-GiCUC
Language of cataloging fre
Transcribing agency EG-GiCUC
Modifying agency EG-GiCUC
Description conventions Rda
041 0# - LANGUAGE CODE
Language code of text/sound track or separate title fre
Language code of original fre
082 04 - DEWEY DECIMAL CLASSIFICATION NUMBER
Edition number 21
Classification number 343.3044
Item number GA . T
092 04 - LOCALLY ASSIGNED DEWEY CALL NUMBER (OCLC)
Edition number 21
099 ## - LOCAL FREE-TEXT CALL NUMBER (OCLC)
Classification number Law1 10 343.3044 1916
100 1# - MAIN ENTRY--PERSONAL NAME
Personal name Garraud, R. (Raymond)
Dates associated with a name 1856-1935.
Relator term Auteur
245 10 - TITLE STATEMENT
Title Traité théorique et pratique du droit pénal français.
Number of part/section of a work Tome Troisième /
Statement of responsibility, etc. par R. Garraud.
250 ## - EDITION STATEMENT
Edition statement 3e éd., complètement revue et considérablement augmentée.
264 #1 - PRODUCTION, PUBLICATION, DISTRIBUTION, MANUFACTURE, AND COPYRIGHT NOTICE
Place of production, publication, distribution, manufacture Paris :
Name of producer, publisher, distributor, manufacturer Librairie du Recueil Sirey,
Date of production, publication, distribution, manufacture, or copyright notice 1916.
300 ## - PHYSICAL DESCRIPTION
Extent 725 page;
Dimensions 23 cm.
336 ## - CONTENT TYPE
Source rda contenu
Content type term texte
337 ## - MEDIA TYPE
Source rda medias
Media type term Ordinateur
338 ## - CARRIER TYPE
Source transporteur rda
Carrier type term Ressource en ligne
500 ## - GENERAL NOTE
General note La Première Édition De Cet Ouvrage A Été Couronnée Par L'académie Des Sciences Morales Et Politiques: Priz Wołowski
500 ## - GENERAL NOTE
General note Troisième Edition Complètement Reune Et Considérablement Augmentée<br/>
650 14 - SUBJECT ADDED ENTRY--TOPICAL TERM
Topical term or geographic name entry element Criminal Law .
650 14 - SUBJECT ADDED ENTRY--TOPICAL TERM
Topical term or geographic name entry element Droit de procédure pénale
651 14 - SUBJECT ADDED ENTRY--GEOGRAPHIC NAME
Geographic name Droit de procédure pénale
Geographic subdivision France
856 40 - ELECTRONIC LOCATION AND ACCESS
Uniform Resource Identifier <a href="https://fll.law.cu.edu.eg/fulltext/bks/B10-09089.pdf">https://fll.law.cu.edu.eg/fulltext/bks/B10-09089.pdf</a>
905 ## - Cataloger and Reviser Names
Cataloger Name: Mohamed Yosri
942 ## - ADDED ENTRY ELEMENTS (KOHA)
Source of classification or shelving scheme Dewey Decimal Classification
Koha item type Books
Edition 21
Suppress in OPAC No
Holdings
Withdrawn status Lost status Source of classification or shelving scheme Damaged status Not for loan Collection Home library Current library Date acquired Total checkouts Full call number Barcode Date last seen Copy number Price effective from Koha item type
    Dewey Decimal Classification   Not for loan القانون الجنائي جــــامعة القــاهرة مكتبة كلية الحقوق - المبنى الرئيسي 16.04.2026   Law1 10 343.3044 GA . T 3 ed - 1916 1009089 V3, C1 B10-09089 16.04.2026 1 16.04.2026 Books

© All rights reserved — Faculty of Law, Cairo University